Los judíos de España: la diáspora sefardí desde 1492

Gespeichert in:
Bibliographische Detailangaben
1. Verfasser: Kedourie, Elie (VerfasserIn)
Format: Buch
Sprache:Spanisch
Veröffentlicht: Barcelona, España Crítica 1992
Schlagworte:
Tags: Tag hinzufügen
Keine Tags, Fügen Sie den ersten Tag hinzu!

MARC

LEADER 00000nam a2200000 a 4500
001 UCT4131
003 CL-VaPUC
005 20210923074605.0
008 961108e19920000SP |||||||||||||||||spa|d
999 |c 253556  |d 253554 
020 |a 8474235561 
040 |c Pontificia Universidad Católica de Valparaíso 
082 0 4 |a 946 KED 1992  |2 21 
100 |a Kedourie, Elie  |e author  |9 468327 
245 1 4 |a Los judíos de España:  |b  la diáspora sefardí desde 1492 
260 |a Barcelona, España  |b Crítica  |c 1992 
300 |a 250 páginas 
583 |a last modification  |c 19961108 00:00:00  |k Rodrigo Vera 
650 0 |a Historia  |y SIGLOS 15-20  |9 255047 
650 0 |a Judíos  |z ESPAÑA  |9 313771 
852 |a BIBCUR 
942 |c BK  |2 ddc 
945 |d 19961108 00:00:00  |a rleighto 
952 |0 0  |1 0  |2 ddc  |4 0  |6 946_000000000000000_KED_1992  |7 0  |8 A  |9 274466  |a BIBHIS  |b BIBHIS  |d 2019-11-19  |i 3249476  |l 1  |o 946 KED 1992  |p 3249476  |r 2025-01-20  |s 2023-11-29  |t 1  |w 2019-11-19  |y BK  |k HIS 
952 |0 0  |1 0  |2 ddc  |4 0  |6 946_000000000000000_KED_1992  |7 0  |8 A  |9 274467  |a BIBTEO  |b BIBTEO  |d 2019-11-19  |i 4021088  |o 946 KED 1992  |p 4021088  |r 2025-01-17  |t 2  |w 2019-11-19  |y BK  |k ICR